| 000 | 00925nam a2200193 a 4500 | ||
|---|---|---|---|
| 008 | 120416s1996 ||||||||||||||||| || u | ||
| 020 | _a8170247691 | ||
| 050 | _aQH 77 Nag | ||
| 100 | _aNagore, Prasad Arjun | ||
| 245 | 1 | 0 | _aBiological diversity and international environment law |
| 260 |
_aNew Delhi _bA.P.H. Publishing corporation _c1996 |
||
| 300 | _axiii ; 326p. ill. | ||
| 350 | _a0.00 | ||
| 650 | 0 | _aBIOLOGICAL DIVERSITY | |
| 650 | 0 | _aBIOLOGY | |
| 995 |
_aANNEX COLLECTION (Main Library) _D0.00 _e733132 _FCBU-MAIN LIBRARY (Kitwe) _H1 _I15.00 _jQH 77 Nag _M1 _UAVAILABLE _y44724 _ZAnnex Low-Usage Collection |
||
| 995 |
_aANNEX COLLECTION (Main Library) _D0.00 _e733134 _FCBU-MAIN LIBRARY (Kitwe) _H3 _I15.00 _jQH 77 Nag _M3 _UAVAILABLE _y44722 _ZAnnex Low-Usage Collection |
||
| 995 |
_aANNEX COLLECTION (Main Library) _D0.00 _e733133 _FCBU-MAIN LIBRARY (Kitwe) _H2 _I15.00 _jQH 77 Nag _M2 _UAVAILABLE _y44721 _ZAnnex Low-Usage Collection |
||
| 999 |
_c84646 _d84646 |
||